46 鹿児島県の市町村 人口順 - Statistics

General Stats
  • This quiz has been taken 2 times
  • The average score is 27 of 43
Answer Stats
順位 人口 市町村 % Correct
1 580,970 鹿児島市
100%
2 120,429 霧島市
100%
3 96,073 鹿屋市
100%
4 87,673 薩摩川内市
100%
5 76,919 姶良市
100%
6 49,506 出水市
100%
7 45,021 日置市
100%
8 38,416 奄美市
100%
9 35,839 指宿市
100%
10 30,087 南さつま市
100%
11 29,901 南九州市
100%
12 29,861 曽於市
100%
13 27,122 志布志市
100%
14 25,422 いちき串木野市
100%
15 21,397 伊佐市
50%
16 17,948 枕崎市
50%
18 17,289 阿久根市
50%
19 14,186 西之表市
50%
21 12,251 垂水市
50%
22 11,188 大崎町
50%
23 10,707 屋久島町
50%
24 9,288 徳之島町
50%
26 8,297 湧水町
50%
27 7,652 瀬戸内町
50%
28 6,843 中種子町
50%
29 5,997 喜界町
50%
30 5,890 東串良町
50%
31 5,753 錦江町
50%
32 5,683 龍郷町
50%
33 5,635 和泊町
50%
34 5,407 伊仙町
50%
35 5,352 南大隅町
50%
36 5,199 天城町
50%
37 5,120 知名町
50%
38 4,968 南種子町
50%
39 4,825 与論町
50%
40 1,550 宇検村
50%
41 1,290 大和村
50%
42 641 十島村
50%
43 363 三島村
50%
17 17,580 さつま町
0%
20 12,783 肝付町
0%
25 8,648 長島町
0%
No matching quizzes found
Score Distribution
Percent of People with Each Score
Percentile by Number Answered
Your Score History
You have not taken this quiz